Loading...
| Fine Arts - Classical Music | 2 | 10.00 | 100% | 0% | 0% |
| Fine Arts - Other | 6 | 20.00 | 100% | 67% | 33% |
| Fine Arts - Visual | 8 | 16.25 | 100% | 50% | 13% |
| Geography/Current Events | 2 | 20.00 | 100% | 100% | 0% |
| History - American | 5 | 18.00 | 100% | 60% | 20% |
| History - European | 4 | 15.00 | 100% | 50% | 0% |
| History - Other | 7 | 21.43 | 100% | 86% | 29% |
| History - World | 5 | 22.00 | 100% | 80% | 40% |
| Literature - American | 3 | 20.00 | 100% | 67% | 33% |
| Literature - British | 4 | 20.00 | 100% | 100% | 0% |
| Literature - European | 8 | 17.50 | 100% | 63% | 13% |
| Literature - World/Other | 6 | 18.33 | 100% | 67% | 17% |
| Mythology | 2 | 15.00 | 50% | 100% | 0% |
| Other Academic | 2 | 25.00 | 100% | 100% | 50% |
| Philosophy | 4 | 20.00 | 100% | 75% | 25% |
| Pop Culture | 1 | 20.00 | 100% | 100% | 0% |
| Religion | 5 | 14.00 | 80% | 20% | 40% |
| Science - Biology | 6 | 21.67 | 100% | 100% | 17% |
| Science - Chemistry | 2 | 25.00 | 100% | 100% | 50% |
| Science - Other | 4 | 20.00 | 100% | 75% | 25% |
| Science - Physics | 4 | 20.00 | 75% | 75% | 50% |
| Social Science | 5 | 16.00 | 100% | 60% | 0% |